| 000 | 00583cam a22002291 4500 | ||
|---|---|---|---|
| 001 | sa 65003095 | ||
| 003 | DLC | ||
| 005 | 20260227112121.0 | ||
| 008 | 890419s1963 ii 000 0 gujo | ||
| 010 | _asa 65003095 | ||
| 035 | _a(OCoLC)19570877 | ||
| 040 |
_aDLC _cWaU _dDLC |
||
| 042 | _apremarc | ||
| 050 | 0 | 0 |
_aPK3797 _b.J6 |
| 100 | 1 |
_aJośī, Umāśaṅkara, _d1911-1988. |
|
| 245 | 1 | 0 | _aSrī ane saurabha. |
| 260 | _c[1963] | ||
| 300 |
_a260 p. (p.259-260 advertisements) _c19 cm. |
||
| 500 | _aIn Gujarati. | ||
| 600 | 0 | 0 | _aKālidāsa. |
| 650 | 0 | _aSanskrit literature. | |
| 999 |
_c62984 _d62984 |
||